Statistics for Better Call Saul Trivia #R

Click here to take the quiz!

General Stats

  • This quiz has been taken 16 times
  • The average score is 7 of 15

Answer Stats

HintAnswer% Correct
Gus' main goalRevenge
80%
CEO of a law firm in New MexicoRichard Schweikart
80%
Lalo finds Jimmys car in a __Ravine
70%
Chucks ex-wifeRebecca
70%
A scam of Jimmy and Marco involves a fake __Rolex
50%
One of the scams to keep Mr. Acker in his home is claiming the soil is __Radioactive
40%
Howards body is stuffed into a __Refrigerator
40%
Episode in Season 1RICO
40%
Episode in Season 6Rock And Hard Place
40%
Police officer investigating the Fred Whalen murderTim Roberts
40%
Domingo gets caught fixing a blocked __Rain gutter
30%
Street name of the address Chuck "mistakenly" puts in the formRosella Drive
30%
Ice cream company owned by the SalamancasRegalo Helado
20%
An architect is picked up in this geographical regionRockies
20%
Family home connected to Gus' home via a tunnelRyman residence
20%

Score Distribution

Percentile by Number Answered

Percent of People with Each Score

Your Score History

You have not taken this quiz